Top 10 des pays consommateur d'huile - Statistiques

Statistiques générales
  • Ce quiz a été pris 116 fois
  • Le résultat moyen est 7 sur 10
Statistiques - réponses
Consommation kg/hab/an Pays % Correct
30,04 Chine
91%
16,95 Inde
84%
3,27 Russie
79%
6,46 Brésil
78%
2,34 Mexique
77%
13,17 Etats Unis
73%
3,62 Argentine
61%
8,96 Indonesie
57%
3,69 Pakistan
48%
4,81 Malaisie
31%
Aucun quiz correspondant
Distribution des résultats
% des personnes avec chaque résultat
Percentile par nombre de réponses
Votre historique - résultats
Vous n’avez pas pris ce quiz